000 00571nam a2200181 i 4500
001 86021
003 ES-MaACL
005 20250731061528.0
007 t|
008 041207s1965 sp ||||1| spa d
100 0 _aKennedy, John F.,
_d1917-1963
_9239598
245 1 0 _aPor qué dormía Inglaterra /
_cJohn F. Kennedy ; [traducción de Jesús Pardo].
260 _aBarcelona :
_bPlaza y Janés,
_c[1965]
300 _a199 p. ;
_c18 cm.
700 1 _aPardo, Jesús,
_d1927-2020
_9138804
852 _aES-MaACL
_jC-27234
_bR.56182
999 _c86021
_d86021